[Event "Julian Mazur 2024"]
[Site "Wellington Chess Club"]
[Date "2024.08.02"]
[Round "1.1"]
[White "Croad, Nicolas"]
[Black "Tan, Jin"]
[Result "1-0"]
[WhiteElo "2394"]
[BlackElo "1582"]
[WhiteFideId "4300793"]
[BlackFideId "4320972"]
[EventDate "2024.08.01"]
[SourceDate ""]

1. d4 d5 2. c4 e6 3. g3 Nf6 4. Bg2 Bb4+ 5. Bd2 Bxd2+ 6. Nxd2 c6 7. Ngf3 Nbd7 8.
O-O Qb6 9. Qc2 O-O 10. a3 a5 11. e4 dxe4 12. c5 Qc7 13. Nxe4 Nxe4 14. Qxe4 Nf6
15. Qc2 Re8 16. Rfe1 Nd5 17. Ne5 f6 18. Nc4 Bd7 19. Be4 f5 20. Bg2 Re7 21. Re5
Be8 22. Rae1 Bf7 23. Nd6 Qd7 24. Bxd5 cxd5 25. Nxf5 Ree8 26. Nd6 Re7 27. Nxf7
Rxf7 28. Rxe6 Raf8 29. f4 Qb5 30. Rb6 Qd7 31. Rd6 Qg4 32. Qg2 1-0

[Event "Julian Mazur 2024"]
[Site "Wellington Chess Club"]
[Date "2024.08.02"]
[Round "1.2"]
[White "Evans, Oliver"]
[Black "Ker, Anthony F"]
[Result "0-1"]
[WhiteElo "1573"]
[BlackElo "2384"]
[WhiteFideId "4311949"]
[BlackFideId "4300084"]
[EventDate "2024.08.01"]
[SourceDate ""]

1. e4 c5 2. Nf3 g6 3. Nc3 Bg7 4. d4 cxd4 5. Nxd4 Nc6 6. Be3 Nf6 7. h3 O-O 8.
Bb5 Qa5 9. Bxc6 bxc6 10. O-O Rb8 11. Nb3 Qc7 12. f4 Ba6 13. Rf3 d6 14. Qe1 Nd7
15. Bd2 Nb6 16. f5 Nc4 17. Rb1 Ne5 18. Rg3 Kh8 19. Bf4 Rg8 20. fxg6 Nxg6 21.
Bd2 Bf6 22. Bg5 Be5 23. Rf3 f6 24. Bh6 Bc4 25. Ne2 Bxe2 26. Qxe2 Nh4 27. Rf2
Bg3 28. Rff1 Nxg2 29. Kh1 Nh4 30. Nd4 Be5 31. Ne6 Qd7 32. Nf4 Rg3 33. Rf2 Rxh3+
34. Nxh3 Qxh3+ 35. Rh2 Bxh2 36. Qxh2 Qf3+ 37. Kg1 Rg8+ 38. Bg7+ Rxg7+ 39. Qg3
Rxg3+ 40. Kh2 Qg2# 0-1

[Event "Julian Mazur 2024"]
[Site "Wellington Chess Club"]
[Date "2024.08.02"]
[Round "1.3"]
[White "Dive, Russell J"]
[Black "Munim, Ahmed"]
[Result "1-0"]
[WhiteElo "2315"]
[BlackElo "1542"]
[WhiteFideId "4300106"]
[BlackFideId "0"]
[EventDate "2024.08.01"]
[SourceDate ""]

1. Nf3 d5 2. g3 Nf6 3. Bg2 g6 4. O-O Bg7 5. c4 O-O 6. cxd5 Nxd5 7. d4 Nc6 8. e4
Nb6 9. d5 Ne5 10. Nxe5 Bxe5 11. Nc3 a6 12. Bh6 Re8 13. f4 Bh8 14. e5 e6 15.
dxe6 Bxe6 16. Bxb7 Rb8 17. Bc6 Re7 18. Bg5 Nc4 19. Qxd8+ Rxd8 20. Bxe7 Rd2 21.
Rad1 Bg4 22. Rxd2 Nxd2 23. Rf2 Nc4 24. b3 Ne3 25. Rd2 f6 26. exf6 Kf7 27. Ne4
Bf3 28. Ng5+ 1-0

[Event "Julian Mazur 2024"]
[Site "Wellington Chess Club"]
[Date "2024.08.02"]
[Round "1.4"]
[White "Rose, Jim"]
[Black "Winter, Ryan"]
[Result "0-1"]
[WhiteElo "1522"]
[BlackElo "2289"]
[WhiteFideId "4326776"]
[BlackFideId "4306295"]
[EventDate "2024.08.01"]
[SourceDate ""]

1. d4 Nf6 2. Nf3 e6 3. e3 c5 4. Bd3 Be7 5. O-O b6 6. b3 Bb7 7. Nbd2 O-O 8. Bb2
cxd4 9. exd4 d6 10. Re1 Nbd7 11. Rc1 Rc8 12. c4 d5 13. Ne5 dxc4 14. Nxd7 cxd3
15. Nxf8 Qxf8 16. Rxc8 Qxc8 17. Qc1 Qd7 18. f3 Nd5 19. Nc4 Qc7 20. g3 b5 21.
Ne5 d2 22. Qxc7 dxe1=Q+ 0-1

[Event "Julian Mazur 2024"]
[Site "Wellington Chess Club"]
[Date "2024.08.02"]
[Round "1.5"]
[White "Timergazi, Layla"]
[Black "Osborne, Geoff"]
[Result "1-0"]
[WhiteElo "2187"]
[BlackElo "1517"]
[WhiteFideId "4303733"]
[BlackFideId "4311485"]
[EventDate "2024.08.01"]
[SourceDate ""]

1. d4 Nf6 2. c4 e6 3. Nc3 d5 4. Nf3 Be7 5. Bf4 O-O 6. e3 b6 7. cxd5 exd5 8. Be2
Nbd7 9. O-O Bb7 10. Ne5 a6 11. Rc1 c5 12. Bf3 Rc8 13. b3 Re8 14. Nxd7 Qxd7 15.
Be5 Qe6 16. Bxf6 Bxf6 17. Bg4 Qd6 18. Bxc8 Bxc8 19. dxc5 bxc5 20. Qxd5 Qc7 21.
Ne4 Be7 22. Nxc5 Rd8 23. Qc4 Rd6 24. Ne4 Qxc4 25. Rxc4 Rd8 26. Rc7 Kf8 27. Rfc1
Bf5 28. Nc5 Bxc5 29. R7xc5 Be6 30. Rc6 Bd7 31. Rxa6 Bb5 32. Rb6 Be2 33. a4 Ke8
34. f3 Ke7 35. a5 Kd7 36. a6 Ra8 37. Rb7+ Kd6 38. a7 1-0

[Event "Julian Mazur 2024"]
[Site "Wellington Chess Club"]
[Date "2024.08.02"]
[Round "1.6"]
[White "Bicalho, Federico Meneses"]
[Black "Young, Cohen"]
[Result "0-1"]
[WhiteElo "1500"]
[BlackElo "2136"]
[WhiteFideId "0"]
[BlackFideId "4317440"]
[EventDate "2024.08.01"]
[SourceDate ""]

1. e4 c5 2. c3 Nf6 3. e5 Nd5 4. d4 cxd4 5. cxd4 d6 6. Nf3 Nc6 7. Bc4 dxe5 8.
dxe5 Ndb4 9. Qe2 Bf5 10. Na3 Bd3 11. Bxd3 Nxd3+ 12. Kf1 Qd5 13. Be3 O-O-O 14.
Rd1 Qe4 15. Ng5 Qg6 16. Nxf7 Qxf7 17. Rxd3 Rxd3 18. Qxd3 Qxa2 19. g3 e6 20. Nc4
Be7 21. Kg2 Rd8 22. Nd6+ Kb8 23. Qb5 Bxd6 24. exd6 a6 25. Qd3 Qxb2 26. Rb1 Qe5
27. Bf4 Qd5+ 28. Qxd5 exd5 29. Rc1 a5 30. Kf3 a4 31. Ke3 Ka7 32. Kd3 g5 33.
Be3+ d4 34. Bxg5 Rxd6 35. Bf4 Re6 36. Rb1 Ka6 37. Bd2 Ne5+ 38. Kxd4 Nf3+ 39.
Kd3 Rd6+ 40. Ke2 Nxd2 41. Rd1 a3 42. Ra1 Nc4 43. f4 b5 44. f5 b4 45. f6 Rxf6
46. Kd3 Kb5 0-1

[Event "Julian Mazur 2024"]
[Site "Wellington Chess Club"]
[Date "2024.08.02"]
[Round "1.7"]
[White "Winsley, Nicholas"]
[Black "Dhamodharam, Aadhav"]
[Result "1-0"]
[WhiteElo "2086"]
[BlackElo "1477"]
[WhiteFideId "4315146"]
[BlackFideId "0"]
[EventDate "2024.08.01"]
[SourceDate ""]

1. e4 c6 2. d4 d5 3. Nc3 dxe4 4. Nxe4 Nf6 5. Nxf6+ exf6 6. c3 Bd6 7. Bd3 Be6 8.
Qc2 h6 9. Ne2 Nd7 10. Nf4 Qe7 11. O-O O-O-O 12. Be3 Bxf4 13. Bxf4 g5 14. Be3 h5
15. c4 Kb8 16. Rfe1 Nb6 17. a4 g4 18. a5 Nc8 19. a6 b6 20. Bf4+ Ka8 21. d5 h4
22. dxe6 h3 23. Qa4 Qe8 24. exf7 1-0

[Event "Julian Mazur 2024"]
[Site "Wellington Chess Club"]
[Date "2024.08.02"]
[Round "1.8"]
[White "Sellen, Ian"]
[Black "Hamilton, Marcus"]
[Result "1-0"]
[WhiteElo "2001"]
[BlackElo "1441"]
[WhiteFideId "4300610"]
[BlackFideId "0"]
[EventDate "2024.08.01"]
[SourceDate ""]

1. c4 e5 2. Nc3 d6 3. g3 Nf6 4. Bg2 Be7 5. e3 O-O 6. d4 Nc6 7. Nge2 Bd7 8. O-O
Be6 9. d5 Rb8 10. dxe6 fxe6 11. Bh3 Qd7 12. Nd5 a6 13. Nec3 b5 14. c5 b4 15.
Nxf6+ Bxf6 16. Ne4 Be7 17. cxd6 Bf6 18. dxc7 Qxc7 19. Bxe6+ Kh8 20. Qg4 Qe7 21.
Bd2 a5 22. Rac1 Nd8 23. Bb3 Rb6 24. Rc8 Nb7 25. Rfc1 Nd6 26. Rxf8+ Qxf8 27.
Nxf6 gxf6 28. e4 Qa8 29. Bh6 Rb7 30. Bd5 1-0

[Event "Julian Mazur 2024"]
[Site "Wellington Chess Club"]
[Date "2024.08.02"]
[Round "1.9"]
[White "Kumar, Raghava"]
[Black "Forster, William"]
[Result "0-1"]
[WhiteElo "1411"]
[BlackElo "1965"]
[WhiteFideId "33446610"]
[BlackFideId "4301358"]
[EventDate "2024.08.01"]
[SourceDate ""]

1. d4 Nf6 2. e3 g6 3. Bd3 Bg7 4. e4 d6 5. f4 e5 6. Nf3 O-O 7. c3 exd4 8. e5
dxe5 9. fxe5 Nfd7 10. cxd4 c5 11. dxc5 Nxc5 12. Be2 Qxd1+ 13. Bxd1 Nd3+ 14. Kd2
Rd8 15. Kc2 Bf5 16. Bg5 Nxe5+ 17. Kb3 Rd3+ 18. Nc3 Nbc6 19. Nxe5 Bxe5 20. g4
Na5+ 21. Ka4 Rd4+ 22. Kb5 Bd3+ 23. Kxa5 Bc7# 0-1

[Event "Julian Mazur 2024"]
[Site "Wellington Chess Club"]
[Date "2024.08.02"]
[Round "1.10"]
[White "Jackson, L Ross"]
[Black "Hupert, Leo"]
[Result "1-0"]
[WhiteElo "1942"]
[BlackElo "1389"]
[WhiteFideId "4301501"]
[BlackFideId "0"]
[EventDate "2024.08.01"]
[SourceDate ""]

1. d4 d5 2. c4 Nf6 3. cxd5 Nxd5 4. e4 Nf6 5. Nc3 Nc6 6. Bb5 a6 7. Bxc6+ bxc6 8.
Nge2 Bg4 9. f3 Bh5 10. O-O h6 11. Nf4 g5 12. Nxh5 Nxh5 13. Be3 Nf4 14. Qd2 e5
15. Rfd1 Bd6 16. dxe5 Bxe5 17. Qc2 Qf6 18. Na4 O-O 19. Rac1 g4 20. fxg4 Qh4 21.
g3 Nh3+ 22. Kg2 Qxg4 23. Rf1 h5 24. Rce1 h4 25. Rf3 Ng5 26. Bxg5 h3+ 27. Kf2
Qxg5 28. Rf5 Qe7 29. Qe2 f6 30. Qg4+ Kf7 31. Qh5+ Ke6 32. Qxh3 Kf7 33. Qh5+ Kg7
34. Qg4+ Kf7 35. Rh5 Ke8 36. Rd1 Rd8 37. Qg6+ Qf7 38. Qxf7+ Kxf7 39. Re1 Kg6
40. Rf5 Rh8 41. h4 Rh5 42. Rf3 c5 43. Nc3 c6 44. Ke2 c4 45. Rd1 Re8 46. Re3 Rb8
47. Rd2 Rhh8 48. Kf3 Rhg8 49. g4 Kh6 50. Ree2 Bxc3 51. bxc3 Rb1 52. Rd6 Rg6 53.
Rxc6 Rg1 54. h5 R6xg4 55. Rxf6+ Kg5 56. Rf5+ Kh6 57. Ke3 R1g2 58. Rxg2 Rxg2 59.
Rf6+ Kh7 60. Rxa6 Rh2 61. Ra5 Kh6 62. Kd4 1-0

[Event "Julian Mazur 2024"]
[Site "Wellington Chess Club"]
[Date "2024.08.02"]
[Round "1.11"]
[White "Ibbotson, Matt"]
[Black "Chang, Luke"]
[Result "0-1"]
[WhiteElo "1325"]
[BlackElo "1930"]
[WhiteFideId "0"]
[BlackFideId "4325605"]
[EventDate "2024.08.01"]
[SourceDate ""]

1. d4 d5 2. c4 c6 3. Nc3 Nf6 4. Nf3 dxc4 5. e4 b5 6. Bg5 Bg4 7. Be2 b4 8. Bxf6
bxc3 9. Bh4 cxb2 10. Rb1 Bxf3 11. Bxf3 Qa5+ 12. Qd2 c3 13. Qc2 e6 14. O-O Bb4
15. e5 Qxa2 16. Be4 a5 17. f4 g6 18. g4 Rg8 19. Qg2 Qc4 20. Kh1 a4 21. Qc2 a3
22. Bd3 Qd5+ 23. Be4 Qb5 24. Bd3 Qa4 25. Qe2 a2 26. Bc2 Qa3 27. f5 axb1=Q 28.
Bxb1 Qa6 29. Bd3 Qa5 30. fxe6 fxe6 31. Rf6 Qa1+ 32. Kg2 Qa2 33. Bc4 b1=Q 34.
Rxe6+ Kd7 35. Rd6+ Bxd6 36. e6+ Kc7 0-1

[Event "Julian Mazur 2024"]
[Site "Wellington Chess Club"]
[Date "2024.08.02"]
[Round "1.12"]
[White "Coates, Alex"]
[Black "Thingbaijam, Conan"]
[Result "1-0"]
[WhiteElo "1887"]
[BlackElo "1325"]
[WhiteFideId "4311540"]
[BlackFideId "4326792"]
[EventDate "2024.08.01"]
[SourceDate ""]

1. d4 d5 2. c4 e6 3. Nc3 Nf6 4. cxd5 exd5 5. Bf4 Bb4 6. e3 Bd6 7. Bxd6 Qxd6 8.
Nf3 Nc6 9. a3 Bf5 10. Rc1 O-O 11. Be2 Rfe8 12. b4 a6 13. Na4 Rad8 14. Nc5 Rb8
15. O-O b6 16. Nxa6 Ra8 17. b5 Bc8 18. Rxc6 1-0

[Event "Julian Mazur 2024"]
[Site "Wellington Chess Club"]
[Date "2024.08.02"]
[Round "1.13"]
[White "Pickering, Dean"]
[Black "Sethuramalingam, Karthik"]
[Result "0-1"]
[WhiteElo "1274"]
[BlackElo "1871"]
[WhiteFideId "0"]
[BlackFideId "4320964"]
[EventDate "2024.08.01"]
[SourceDate ""]

1. e4 c6 2. Nf3 d5 3. Nc3 dxe4 4. Nxe4 Nf6 5. Nxf6+ exf6 6. d4 Bd6 7. Bc4 O-O
8. O-O Bg4 9. Qd3 Bc7 10. c3 Re8 11. h3 Bh5 12. Bb3 Nd7 13. Nh4 Be2 14. Qf5
Bxf1 15. Kxf1 Qe7 16. Be3 Nf8 17. Re1 a5 18. Qg4 Qe4 19. Qd7 Nxd7 0-1

[Event "Julian Mazur 2024"]
[Site "Wellington Chess Club"]
[Date "2024.08.02"]
[Round "1.16"]
[White "Pham, Anthony"]
[Black "Aldridge, Alan L"]
[Result "0-1"]
[WhiteElo "1151"]
[BlackElo "1822"]
[WhiteFideId "0"]
[BlackFideId "4301528"]
[EventDate "2024.08.01"]
[SourceDate ""]

1. e4 e5 2. Nf3 Nc6 3. Bc4 Bc5 4. d3 h6 5. a3 a6 6. Nc3 Nf6 7. Nd5 O-O 8. O-O
d6 9. h3 Nxd5 10. Bxd5 Ne7 11. Bg5 hxg5 12. Nxg5 Nxd5 13. Qh5 Nf6 14. Qh4 d5
15. Rad1 Be7 16. f4 exf4 17. e5 Nh5 18. Qxh5 Bxg5 19. h4 Bxh4 20. Rxf4 Bg5 21.
Rff1 Be3+ 22. Kh1 Qg5 23. Qxg5 Bxg5 24. d4 Bg4 25. Kg1 Bxd1 26. Rxd1 Rae8 27.
b3 f6 28. exf6 Rxf6 29. c4 Re2 30. cxd5 Rff2 31. Rf1 Rxg2+ 32. Kh1 Rh2+ 33. Kg1
Reg2# 0-1

[Event "Julian Mazur 2024"]
[Site "Wellington Chess Club"]
[Date "2024.08.02"]
[Round "1.17"]
[White "Cao, Sam"]
[Black "Winsley, Daniel"]
[Result "0-1"]
[WhiteElo "1058"]
[BlackElo "1781"]
[WhiteFideId "4325591"]
[BlackFideId "4315138"]
[EventDate "2024.08.01"]
[SourceDate ""]

1. e4 e6 2. d4 d5 3. Nc3 Nf6 4. e5 Nfd7 5. f4 c5 6. Be3 Nc6 7. Qd2 b6 8. O-O-O
a6 9. Bd3 cxd4 10. Bxd4 Nxd4 11. Bxh7 Rxh7 12. Qxd4 Bc5 13. Qd3 g6 14. Nf3 b5
15. Ng5 Rh8 16. Nxd5 Bb7 17. Ne3 Qe7 18. Ne4 Rd8 19. Rd2 Bxe4 20. Qxe4 Bxe3 21.
Qxe3 Qc5 22. Qd3 Rxh2 23. Rxh2 Qg1+ 24. Rd1 Qxh2 25. Qd6 Qxf4+ 26. Rd2 Qxe5 27.
Qxa6 Qe1+ 28. Rd1 Qe3+ 29. Rd2 Nf6 30. Qxb5+ Kf8 31. Qb7 0-1

[Event "Julian Mazur 2024"]
[Site "Wellington Chess Club"]
[Date "2024.08.02"]
[Round "1.19"]
[White "Brockway, Andrew"]
[Black "Miriyala, Sreenikesh"]
[Result "1-0"]
[WhiteElo "1713"]
[BlackElo "948"]
[WhiteFideId "4301340"]
[BlackFideId "4325532"]
[EventDate "2024.08.01"]
[SourceDate ""]

1. e4 d6 2. d4 Nf6 3. Nc3 g6 4. f4 Bg7 5. Nf3 O-O 6. h3 Re8 7. Bc4 Nbd7 8. Be3
(8. Bxf7+ Kxf7 9. Ng5+ Kg8 10. Ne6) 8... b6 9. Qd2 Bb7 10. d5 c5 11. O-O-O e6
12. dxe6 fxe6 13. Ng5 Nf8 14. Qxd6 Qxd6 15. Rxd6 Bc8 16. Rhd1 Kh8 17. g4 e5 18.
Nf7+ Kg8 19. Nxe5+ Be6 20. Bxe6+ Nxe6 21. Nd7 Nxd7 22. Rxd7 Rad8 23. Rxd8 Rxd8
24. Rxd8+ Nxd8 25. Nb5 Nc6 26. c3 a6 27. Nc7 Nb8 28. Nd5 Nd7 29. e5 Kf7 30. h4
Ke6 31. Nc7+ Ke7 32. b4 cxb4 33. cxb4 Kd8 34. Nd5 Kc8 35. Nxb6+ Nxb6 36. Bxb6
Kb7 37. Bc5 Kc6 38. a4 a5 39. Bd6 Kb6 40. b5 Bh8 41. e6 Kb7 42. e7 Kc8 43.
e8=Q+ Kb7 44. Qc6+ Ka7 45. Qc7+ Ka8 46. Qb8# 1-0

[Event "Julian Mazur 2024"]
[Site "Wellington Chess Club"]
[Date "2024.08.02"]
[Round "1.20"]
[White "Pham, Luca"]
[Black "Bolster, Caolan"]
[Result "0-1"]
[WhiteElo "947"]
[BlackElo "1706"]
[WhiteFideId "0"]
[BlackFideId "4319435"]
[EventDate "2024.08.01"]
[SourceDate ""]

1. e4 e5 2. Nf3 Nc6 3. Nc3 Nf6 4. Bc4 Nxe4 5. d3 Nxc3 6. bxc3 Be7 7. Bg5 Bxg5
8. Nxg5 Qxg5 9. h4 Qxg2 10. Rf1 O-O 11. d4 d6 12. Bd3 e4 13. Be2 Bh3 14. Bc4
Rae8 15. Bd5 Qxf1+ 16. Kd2 Qxf2+ 17. Kc1 e3 18. Qh5 e2 19. Bc4 e1=Q+ 20. Kb2
Qxa1+ 21. Kxa1 Qxc2 22. Bb3 Re1+ 23. Qd1 Rxd1# 0-1

[Event "Julian Mazur 2024"]
[Site "Wellington Chess Club"]
[Date "2024.08.02"]
[Round "1.25"]
[White "Malcolm, Aidan"]
[Black "Stoeveken, Peter"]
[Result "1-0"]
[WhiteElo "1859"]
[BlackElo "1743"]
[WhiteFideId "4315073"]
[BlackFideId "4304098"]
[EventDate "2024.08.01"]
[SourceDate ""]

1. e4 c5 2. d4 cxd4 3. c3 dxc3 4. Nxc3 e6 5. Nf3 Bb4 6. Bc4 Qc7 7. Qe2 b5 8.
Bxb5 Bxc3+ 9. Nd2 Be5 10. Nc4 Nf6 11. O-O Bxh2+ 12. Kh1 h5 13. e5 Ng4 14. Nd6+
Kf8 15. f4 Nc6 16. b3 Nd4 17. Qe4 Nf5 18. Nxf5 Bb7 19. Ba3+ Ke8 20. Qb4 Bxg2+
21. Kxg2 Qb7+ 22. Rf3 Kd8 1-0

[Event "Julian Mazur 2024"]
[Site "Wellington Chess Club"]
[Date "2024.08.02"]
[Round "1.27"]
[White "Ulm, Eric"]
[Black "Ashe, Michael"]
[Result "1-0"]
[WhiteElo "1473"]
[BlackElo "1591"]
[WhiteFideId "4325575"]
[BlackFideId "4310462"]
[EventDate "2024.08.01"]
[SourceDate ""]

1. e4 c6 2. d4 d5 3. Nd2 dxe4 4. Nxe4 Nf6 5. Nxf6+ exf6 6. c3 Bd6 7. Bd3 O-O 8.
Ne2 Re8 9. Qc2 h5 10. O-O h4 11. h3 Nd7 12. Bf4 Rxe2 13. Qxe2 Bxf4 14. Qe4 Qc7
15. Qh7+ Kf8 16. Rfe1 Ne5 17. dxe5 fxe5 18. Qh8+ Ke7 19. Qxh4+ Kd6 20. g3 Bh6
21. Re2 f6 22. Rd1 Be6 23. Bc4+ Ke7 24. Bxe6 Kxe6 25. Qg4+ Ke7 26. Qc4 Rd8 27.
Rxd8 Qxd8 28. Kf1 Qd6 29. Qb4 Qxb4 30. cxb4 b5 31. b3 Kd6 32. Rc2 g6 33. Ke2 e4
34. a4 a6 35. f4 exf3+ 36. Kxf3 Kc7 37. Re2 Kd6 38. Re8 Bc1 39. Rg8 g5 40. h4
Ke7 41. hxg5 fxg5 42. Ra8 bxa4 43. bxa4 Kd7 44. Rxa6 Bd2 45. Ra5 Ke6 46. Kg4
1-0

[Event "Julian Mazur 2024"]
[Site "Wellington Chess Club"]
[Date "2024.08.02"]
[Round "1.28"]
[White "Ulm, Joy"]
[Black "Darr, Samuel"]
[Result "0-1"]
[WhiteElo "1890"]
[BlackElo "1679"]
[WhiteFideId "4321081"]
[BlackFideId "4306120"]
[EventDate "2024.08.01"]
[SourceDate ""]

1. d4 d5 2. c4 e6 3. Nc3 Nf6 4. cxd5 Nxd5 5. e4 Nf6 6. Nf3 Bb4 7. Bd3 O-O 8.
O-O b6 9. Qc2 h6 10. a3 Be7 11. Be3 Bb7 12. b4 Nbd7 13. Rfd1 c6 14. Rac1 a6 15.
Qb3 a5 16. e5 Nd5 17. Nxd5 exd5 18. Rc2 Ra7 19. Bf5 axb4 20. axb4 b5 21. Bxd7
Qxd7 22. Rb1 Rfa8 23. Rcb2 Ra3 24. Qc2 R8a4 25. h3 Qe8 26. Rb3 Rxb3 27. Rxb3
Bxb4 28. Rb1 Qa8 29. Nd2 Ra2 30. Rb2 Ra1+ 31. Kh2 Be7 32. Nb3 Ra4 33. Nd2 Bc8
34. Rb1 Bd7 35. Nb3 Qc8 36. Ra1 Bf5 37. Qb2 Qb8 38. Nc5 Rxa1 39. Qxa1 Bxc5 40.
dxc5 b4 41. Qb2 b3 42. Kg1 Bc2 43. Bd4 Qb4 44. Be3 Kf8 45. Bd4 Ke8 46. Qc3 Qa4
47. Kf1 Qb5+ 48. Ke1 g6 49. g3 Kd7 50. Kd2 b2 51. Qxb2 Qd3+ 0-1

[Event "Julian Mazur 2024"]
[Site "Wellington Chess Club"]
[Date "2024.08.08"]
[Round "2.1"]
[White "Thirkell, Zachary"]
[Black "Croad, Nicolas"]
[Result "0-1"]
[WhiteElo "1834"]
[BlackElo "2394"]
[WhiteFideId "4322207"]
[BlackFideId "4300793"]
[EventDate "2024.08.01"]
[SourceDate ""]

1. d4 Nf6 2. c4 g6 3. Nc3 Bg7 4. e4 d6 5. Nf3 O-O 6. Bd3 e5 7. d5 Na6 8. O-O
Bg4 9. h3 Bd7 10. a3 Nc5 11. b4 Nxd3 12. Qxd3 Nh5 13. Bd2 Nf4 14. Qc2 f5 15.
Rfe1 fxe4 16. Nxe4 Nxh3+ 17. gxh3 Rxf3 18. Ng5 Bf5 19. Qd1 Rd3 20. Ne6 Bxe6 21.
dxe6 Bh6 22. Ra2 Bxd2 23. Rxd2 Qg5+ 24. Kh2 Rxd2 25. Qf3 Rf8 26. e7 Qxe7 0-1

[Event "Julian Mazur 2024"]
[Site "Wellington Chess Club"]
[Date "2024.08.08"]
[Round "2.2"]
[White "Ker, Anthony F"]
[Black "Malcolm, Aidan"]
[Result "1-0"]
[WhiteElo "2384"]
[BlackElo "1859"]
[WhiteFideId "4300084"]
[BlackFideId "4315073"]
[EventDate "2024.08.01"]
[SourceDate ""]

1. e4 e5 2. d4 exd4 3. Nf3 Nc6 4. Bc4 Nf6 5. e5 d5 6. Bb5 Nd7 7. O-O Be7 8.
Bxc6 bxc6 9. Nxd4 Nb8 10. Qf3 c5 11. Nf5 Bxf5 12. Qxf5 O-O 13. Nd2 Nc6 14. Nf3
Qc8 15. Qh5 Qe6 16. Re1 Nb4 17. Re2 Qa6 18. Ng5 h6 19. Nh3 Qc4 20. c3 Nxa2 21.
Bf4 Nxc3 22. bxc3 Qxc3 23. Rc1 Qb3 24. e6 fxe6 25. Rxe6 Bf6 26. Qg6 a5 27. Bxh6
Qb2 28. Rb1 Qd4 29. Be3 Qh4 30. Bxc5 Rf7 31. Rbe1 1-0

[Event "Julian Mazur 2024"]
[Site "Wellington Chess Club"]
[Date "2024.08.08"]
[Round "2.3"]
[White "Aldridge, Alan L"]
[Black "Dive, Russell J"]
[Result "0-1"]
[WhiteElo "1822"]
[BlackElo "2315"]
[WhiteFideId "4301528"]
[BlackFideId "4300106"]
[EventDate "2024.08.01"]
[SourceDate ""]

1. d4 f5 2. c4 Nf6 3. Nf3 e6 4. Nc3 Be7 5. g3 O-O 6. Bg2 a5 7. O-O Qe8 8. Re1
d5 9. cxd5 exd5 10. Bf4 c6 11. a3 Nbd7 12. Rb1 Ne4 13. Qc1 a4 14. Ne5 Ndf6 15.
f3 Nd6 16. Bg5 h6 17. Bxf6 Bxf6 18. e4 dxe4 19. fxe4 Bxe5 20. dxe5 Qxe5 21.
exf5 Qd4+ 22. Qe3 Qxe3+ 23. Rxe3 Bxf5 24. Rc1 Nc4 25. Re7 Rf7 26. Rxf7 Kxf7 27.
Rf1 Ke6 28. Rf2 Ra5 29. Bf1 Nb6 30. Rf4 g5 31. Rb4 Nd5 32. Nxd5 Kxd5 33. Rxb7
Rc5 34. Rb4 Rc1 35. Kf2 Rc2+ 36. Kg1 Be4 37. Rxa4 Rxb2 38. h4 g4 39. Bc4+ Kd4
40. Bf1+ Ke3 41. Rb4 Ra2 42. a4 c5 43. Rb3+ Kd4 44. Bb5 Bc2 0-1

[Event "Julian Mazur 2024"]
[Site "Wellington Chess Club"]
[Date "2024.08.08"]
[Round "2.4"]
[White "Winter, Ryan"]
[Black "Winsley, Daniel"]
[Result "1/2-1/2"]
[WhiteElo "2289"]
[BlackElo "1781"]
[WhiteFideId "4306295"]
[BlackFideId "4315138"]
[EventDate "2024.08.01"]
[SourceDate ""]

1. e4 e6 2. Nc3 d5 3. Nf3 Nf6 4. e5 Nfd7 5. d4 c5 6. dxc5 Bxc5 7. Bd3 Nc6 8.
Bf4 f6 9. exf6 gxf6 10. Qe2 Nf8 11. O-O-O Kf7 12. Rhe1 Ng6 13. Bg3 Bd6 14. Nh4
Nce5 15. Qh5 Qg8 16. Be2 f5 17. Nxd5 exd5 18. Nxf5 Bxf5 19. Qxf5+ Kg7 20. f4
Rf8 21. Qg5 h6 22. Qh5 Nxf4 23. Bxf4 Rxf4 24. Bf3 Nxf3 25. gxf3 Qf7 26. Qh3 Rf8
27. Re6 Rf6 28. Rxf6 Qxf6 29. Rxd5 Rd8 30. c4 Bf4+ 31. Kd1 Rxd5+ 32. cxd5 Qd4+
33. Ke2 Qd2+ 34. Kf1 Qxd5 35. Qg4+ Bg5 36. h4 Qd1+ 37. Kf2 Qc2+ 38. Kg3 Qxb2
39. Qd7+ Kg6 40. Qe8+ Kg7 41. hxg5 hxg5 42. Qd7+ Kg6 43. Qe8+ Kg7 44. Qd7+ Kg6
45. Qe8+ Kg7 46. Qd7+ 1/2-1/2

[Event "Julian Mazur 2024"]
[Site "Wellington Chess Club"]
[Date "2024.08.08"]
[Round "2.5"]
[White "Young, Cohen"]
[Black "Hurndell, Robert"]
[Result "1-0"]
[WhiteElo "2136"]
[BlackElo "1730"]
[WhiteFideId "4317440"]
[BlackFideId "4310233"]
[EventDate "2024.08.01"]
[SourceDate ""]

1. e4 c5 2. Nf3 d6 3. d4 cxd4 4. Nxd4 Nf6 5. Nc3 a6 6. f3 e6 7. Be3 Be7 8. Qd2
Nc6 9. g4 Nxd4 10. Bxd4 O-O 11. O-O-O e5 12. Be3 b5 13. h4 Bd7 14. h5 b4 15.
Ne2 Qa5 16. Kb1 Be6 17. Nc1 d5 18. g5 d4 19. Bxd4 exd4 20. gxf6 Bxf6 21. f4 Bg4
22. Re1 Bd7 23. Rg1 Bb5 24. e5 Be7 25. Qg2 g6 26. Bxb5 Qxb5 27. f5 g5 28. f6
Bxf6 29. exf6 h6 30. Nd3 a5 31. Re5 1-0

[Event "Julian Mazur 2024"]
[Site "Wellington Chess Club"]
[Date "2024.08.08"]
[Round "2.6"]
[White "Bolster, Caolan"]
[Black "Winsley, Nicholas"]
[Result "0-1"]
[WhiteElo "1706"]
[BlackElo "2086"]
[WhiteFideId "4319435"]
[BlackFideId "4315146"]
[EventDate "2024.08.01"]
[SourceDate ""]

1. c4 Nf6 2. Nc3 g6 3. e4 d6 4. d4 Bg7 5. Be2 O-O 6. Bg5 h6 7. Be3 Nc6 8. f3 e5
9. d5 Ne7 10. Qd2 Kh7 11. g4 Ne8 12. h4 f5 13. gxf5 gxf5 14. O-O-O Bd7 15. f4
Ng6 16. Nh3 fxe4 17. fxe5 Nxe5 18. Rdg1 Bf5 19. Ng5+ Kh8 20. Ncxe4 a6 21. Ng3
Bd7 22. Qc2 Nf6 23. Nh5 Qe7 24. Ne6 Nxh5 25. Nxf8 Rxf8 26. Bxh5 Bf5 27. Rxg7
Qxg7 28. Qe2 Nd3+ 0-1

[Event "Julian Mazur 2024"]
[Site "Wellington Chess Club"]
[Date "2024.08.08"]
[Round "2.7"]
[White "Darr, Samuel"]
[Black "Sellen, Ian"]
[Result "1-0"]
[WhiteElo "1679"]
[BlackElo "2001"]
[WhiteFideId "4306120"]
[BlackFideId "4300610"]
[EventDate "2024.08.01"]
[SourceDate ""]

1. e4 e5 2. Nf3 Nc6 3. Bc4 Bc5 4. c3 d6 5. d4 exd4 6. cxd4 Bb4+ 7. Bd2 Nf6 8.
Bxb4 Nxb4 9. Qa4+ Nc6 10. d5 Qe7 11. O-O O-O 12. dxc6 bxc6 13. Nc3 Bg4 14. Be2
Rab8 15. Rab1 Rb6 16. Nd4 Bxe2 17. Ndxe2 Rfb8 18. b3 d5 19. exd5 cxd5 20. Rbd1
c6 21. Rfe1 Qc5 22. Qf4 Rb4 23. Rd4 R4b7 24. Na4 Qa5 25. Rc1 Rc8 26. Nec3 Re7
27. h3 Rce8 28. b4 Qa6 29. Nb2 Qa3 30. Nd3 Ne4 31. Nxe4 dxe4 32. Re1 f5 33.
Qxf5 Qxa2 34. Rdxe4 Rf8 35. Qg4 Ref7 36. Re8 Rxe8 1-0